000 02011cam a22001934a 4500
005 20250605164149.0
008 250528s ||||||||||||||||||||||||d
035 _a19325
020 _a9603510920
040 _aGR-AtMCL
_bgre
_dGR-AtMCL
_eAACR2
245 1 _aΑνθρώπινες Σχέσεις στο Εργασιακό Περιβάλλον / Εισαγωγή στη Σύγχρονη Επιχειρησιακή Ψυχολογία
260 _bΣταμούλης Α,
_c1996
300 _a424
520 _aΠρόλογος, Ανθρώπινες Σχέσεις, Ιστορική Ανασκόπηση των Μελετών για τις Ανθρώπινες Σχέσεις, Ο Ψυχικός Βίος και η Διερεύνηση της Προσωπικότητας, Κοινωνικά Συστήματα, Κοινωνικό Περιβάλλον, Η Εργασία και ο Ρόλος της στο Πλαίσιο των Ανθ8ρώπινων Σχέσεων, Ικανοποίηση του Προσωπικού από την Εργασία, Δημιουργία Ενδοεπιχειρηματικού Κλίματος Συμπεριφοράς, Η Ηγεσία και ο Ρόλος της στην Ανάπτυξη των Ανθρώπινων Σχέσεων, Υπολίνηση και Συμπεριφορά (Motivation and Behaviour), Κίνητρα Συμπεριφοράς, Ηθικό και Παραγωγικότητα, Εργασιακές Ομάδες, Συμμετοχή του Προσωπικού στη Λήψη των Αποφάσεων, Χειρισμός των Ανθρώπινων Προβλημάτων στο Πλαίσιο της Εργασίας, Οργανωτικές Αλλαγές και οι Επιδράσεις τους στο Προσωπικό, Η Εποπτεία ως Συντελεστής των Ανθρώπινων Σχέσων, Καθοδήγηση Υφιστάμενων.
700 1 _aΦαναριώτης Π
_95568
942 _cBK
999 _c4585
_d4585